Hunter x hunter skill/move - Statistics

General Stats
  • This quiz has been taken 108 times
  • The average score is 152 of 171
Answer Stats
Question Tile Select % Correct
Allows them to control The flying insects, ¨Bees¨ that live inside the accessory the have. No
100%
Allows them to control The flying insects, ¨Bees¨ that live inside the accessory the have. No
100%
Allows them to control The flying insects, ¨Bees¨ that live inside the accessory the have. No
100%
Allows them to control The flying insects, ¨Bees¨ that live inside the accessory the have. No
100%
Allows them to control The flying insects, ¨Bees¨ that live inside the accessory the have. No
100%
Allows them to control The flying insects, ¨Bees¨ that live inside the accessory the have. No
99%
Allows them to control The flying insects, ¨Bees¨ that live inside the accessory the have. No
99%
Allows them to control The flying insects, ¨Bees¨ that live inside the accessory the have. No
99%
a rainbow clown that spins a number wheel to give a weapon based on the number. No
98%
a rainbow clown that spins a number wheel to give a weapon based on the number. No
98%
a rainbow clown that spins a number wheel to give a weapon based on the number. No
98%
a rainbow clown that spins a number wheel to give a weapon based on the number. No
98%
a rainbow clown that spins a number wheel to give a weapon based on the number. No
98%
Allows them to control The flying insects, ¨Bees¨ that live inside the accessory the have. Yes
98%
gives them the ability to create a bow and some arrows without have to have a real one. No
98%
gives them the ability to create a bow and some arrows without have to have a real one. No
98%
gives them the ability to create a bow and some arrows without have to have a real one. No
98%
gives them the ability to create a bow and some arrows without have to have a real one. No
98%
gives them the ability to create a bow and some arrows without have to have a real one. No
98%
gives them the ability to create a bow and some arrows without have to have a real one. No
98%
allows them to use the smoke they puff out and turns it into anything living(not living). No
98%
allows them to use the smoke they puff out and turns it into anything living(not living). No
98%
allows them to use the smoke they puff out and turns it into anything living(not living). No
98%
allows them to use the smoke they puff out and turns it into anything living(not living). No
98%
allows them to use the smoke they puff out and turns it into anything living(not living). No
98%
a rainbow clown that spins a number wheel to give a weapon based on the number. No
96%
a rainbow clown that spins a number wheel to give a weapon based on the number. No
96%
Allows them the ability to turn the childhood game ¨rock, paper, scissors.¨ into a real reality weapon. No
96%
Allows them the ability to turn the childhood game ¨rock, paper, scissors.¨ into a real reality weapon. No
96%
Allows them the ability to turn the childhood game ¨rock, paper, scissors.¨ into a real reality weapon. No
96%
Allows them the ability to turn the childhood game ¨rock, paper, scissors.¨ into a real reality weapon. No
96%
Allows them the ability to turn the childhood game ¨rock, paper, scissors.¨ into a real reality weapon. No
96%
Allows them the ability to turn the childhood game ¨rock, paper, scissors.¨ into a real reality weapon. No
96%
gives them the ability to create a bow and some arrows without have to have a real one. No
96%
gives them the ability to create a bow and some arrows without have to have a real one. No
96%
allows them to use the smoke they puff out and turns it into anything living(not living). No
96%
allows them to use the smoke they puff out and turns it into anything living(not living). No
96%
Allows them the ability to turn the childhood game ¨rock, paper, scissors.¨ into a real reality weapon. No
95%
gives them the ability to create a bow and some arrows without have to have a real one. Yes
95%
allows them to use the smoke they puff out and turns it into anything living(not living). No
95%
gives them the ability to put a portal on a flat surface and appear or take anything/anyone from where the other half is. No
95%
gives them the ability to put a portal on a flat surface and appear or take anything/anyone from where the other half is. No
95%
gives them the ability to put a portal on a flat surface and appear or take anything/anyone from where the other half is. No
95%
gives them the ability to put a portal on a flat surface and appear or take anything/anyone from where the other half is. No
95%
gives them the ability to put a portal on a flat surface and appear or take anything/anyone from where the other half is. No
95%
Allows them the ability to turn the childhood game ¨rock, paper, scissors.¨ into a real reality weapon. No
94%
Allows them the ability to turn the childhood game ¨rock, paper, scissors.¨ into a real reality weapon. Yes
94%
gives them the ability to put a portal on a flat surface and appear or take anything/anyone from where the other half is. No
94%
gives them the ability to put/turn their nen into the extended form of a dragon. No
94%
gives them the ability to put/turn their nen into the extended form of a dragon. No
94%
gives them the ability to put/turn their nen into the extended form of a dragon. No
94%
gives them the ability to put/turn their nen into the extended form of a dragon. No
94%
gives them the ability to put/turn their nen into the extended form of a dragon. No
94%
gives them the ability to put/turn their nen into the extended form of a dragon. No
94%
allows them to create/emit lightning straight from their hands when they wish. No
94%
allows them to create/emit lightning straight from their hands when they wish. No
94%
allows them to create/emit lightning straight from their hands when they wish. No
94%
allows them to create/emit lightning straight from their hands when they wish. No
94%
allows them to create/emit lightning straight from their hands when they wish. No
94%
Gives them the ability to use pins to make people inhuman, but more human like if stuck with more then one. No
94%
Gives them the ability to use pins to make people inhuman, but more human like if stuck with more then one. No
94%
Gives them the ability to use pins to make people inhuman, but more human like if stuck with more then one. No
94%
Gives them the ability to use pins to make people inhuman, but more human like if stuck with more then one. No
94%
Gives them the ability to use pins to make people inhuman, but more human like if stuck with more then one. No
94%
Gives them the ability to use pins to make people inhuman, but more human like if stuck with more then one. No
94%
Gives them the ability to use pins to make people inhuman, but more human like if stuck with more then one. No
94%
allows them to use the smoke they puff out and turns it into anything living(not living). Yes
93%
gives them the ability to put a portal on a flat surface and appear or take anything/anyone from where the other half is. No
93%
gives them the ability to put a portal on a flat surface and appear or take anything/anyone from where the other half is. No
93%
allows them to create/emit lightning straight from their hands when they wish. No
93%
allows them to create/emit lightning straight from their hands when they wish. No
93%
Gives them the ability to use pins to make people inhuman, but more human like if stuck with more then one. No
93%
Gives them the ability to use pins to make people inhuman, but more human like if stuck with more then one. Yes
93%
a rainbow clown that spins a number wheel to give a weapon based on the number. No
92%
gives them the ability to emit their aura into huge large orb, that is full of their frightening power. No
92%
gives them the ability to emit their aura into huge large orb, that is full of their frightening power. No
92%
gives them the ability to emit their aura into huge large orb, that is full of their frightening power. No
92%
a rainbow clown that spins a number wheel to give a weapon based on the number. Yes
90%
gives them the ability to put a portal on a flat surface and appear or take anything/anyone from where the other half is. Yes
90%
gives them the ability to emit their aura into huge large orb, that is full of their frightening power. No
90%
gives them the ability to emit their aura into huge large orb, that is full of their frightening power. No
90%
gives them the ability to emit their aura into huge large orb, that is full of their frightening power. No
90%
gives them the ability to put/turn their nen into the extended form of a dragon. No
90%
allows them to create/emit lightning straight from their hands when they wish. No
90%
Their ability allows them to put bombs on other people and setting them off when he feels like it. No
90%
Their ability allows them to put bombs on other people and setting them off when he feels like it. No
90%
Their ability allows them to put bombs on other people and setting them off when he feels like it. No
90%
Their ability allows them to put bombs on other people and setting them off when he feels like it. No
90%
Their ability allows them to put bombs on other people and setting them off when he feels like it. No
89%
Their ability allows them to put bombs on other people and setting them off when he feels like it. No
89%
Their ability allows them to put bombs on other people and setting them off when he feels like it. No
89%
Their ability allows them to create chains from their hands and use it on their opponents heart to end them. No
89%
Their ability allows them to create chains from their hands and use it on their opponents heart to end them. No
89%
Their ability allows them to create chains from their hands and use it on their opponents heart to end them. No
89%
Their ability allows them to create chains from their hands and use it on their opponents heart to end them. No
89%
Their ability allows them to create chains from their hands and use it on their opponents heart to end them. No
89%
Their ability allows them to create chains from their hands and use it on their opponents heart to end them. No
89%
gives them the ability to put/turn their nen into the extended form of a dragon. No
88%
allows them to create/emit lightning straight from their hands when they wish. Yes
88%
Their ability allows them to put bombs on other people and setting them off when he feels like it. No
88%
Their ability allows them to emit the exact same heat if not hotter than the sun/basically recreate the sun and use it to burn their opponent to death. No
88%
Their ability allows them to emit the exact same heat if not hotter than the sun/basically recreate the sun and use it to burn their opponent to death. No
88%
Their ability allows them to emit the exact same heat if not hotter than the sun/basically recreate the sun and use it to burn their opponent to death. No
88%
Their ability allows them to create chains from their hands and use it on their opponents heart to end them. No
88%
Their ability allows them to create chains from their hands and use it on their opponents heart to end them. No
88%
gives them the ability to emit their aura into huge large orb, that is full of their frightening power. No
87%
Gives them the ability to teleport objects/make objects disappear and reappear. No
87%
Gives them the ability to teleport objects/make objects disappear and reappear. No
87%
Gives them the ability to teleport objects/make objects disappear and reappear. No
87%
Gives them the ability to teleport objects/make objects disappear and reappear. No
87%
Their ability allows them to emit the exact same heat if not hotter than the sun/basically recreate the sun and use it to burn their opponent to death. No
87%
Their ability allows them to emit the exact same heat if not hotter than the sun/basically recreate the sun and use it to burn their opponent to death. No
87%
Their ability allows them to emit the exact same heat if not hotter than the sun/basically recreate the sun and use it to burn their opponent to death. No
87%
Their ability allows them to create chains from their hands and use it on their opponents heart to end them. Yes
87%
Their ability allows them to create something sticky and stretchy that can stick to anything and stretch however long they want it to. No
87%
Their ability allows them to create something sticky and stretchy that can stick to anything and stretch however long they want it to. No
87%
Their ability allows them to create something sticky and stretchy that can stick to anything and stretch however long they want it to. No
87%
Their ability allows them to create something sticky and stretchy that can stick to anything and stretch however long they want it to. No
87%
Their ability allows them to create something sticky and stretchy that can stick to anything and stretch however long they want it to. No
87%
Their ability allows them to create something sticky and stretchy that can stick to anything and stretch however long they want it to. No
87%
Their ability allows them to create something sticky and stretchy that can stick to anything and stretch however long they want it to. No
87%
ability allows them to put a debt collector on anyone as long as its in motion and they are able to land a hit on their opponent. No
87%
ability allows them to put a debt collector on anyone as long as its in motion and they are able to land a hit on their opponent. No
87%
ability allows them to put a debt collector on anyone as long as its in motion and they are able to land a hit on their opponent. No
87%
ability allows them to put a debt collector on anyone as long as its in motion and they are able to land a hit on their opponent. No
87%
ability allows them to put a debt collector on anyone as long as its in motion and they are able to land a hit on their opponent. No
87%
gives them the ability to put/turn their nen into the extended form of a dragon. Yes
86%
Gives them the ability to teleport objects/make objects disappear and reappear. No
86%
Their ability allows them to put bombs on other people and setting them off when he feels like it. Yes
86%
Their ability allows them to emit the exact same heat if not hotter than the sun/basically recreate the sun and use it to burn their opponent to death. No
86%
Their ability allows them to create something sticky and stretchy that can stick to anything and stretch however long they want it to. No
86%
Their ability allows them to create something sticky and stretchy that can stick to anything and stretch however long they want it to. Yes
86%
Their nen ability allows them to take the powers of anyone they fight/want as long as they complete all the conditions given. No
86%
Their nen ability allows them to take the powers of anyone they fight/want as long as they complete all the conditions given. No
86%
Their nen ability allows them to take the powers of anyone they fight/want as long as they complete all the conditions given. No
86%
Their nen ability allows them to take the powers of anyone they fight/want as long as they complete all the conditions given. No
86%
ability allows them to put a debt collector on anyone as long as its in motion and they are able to land a hit on their opponent. No
86%
ability allows them to put a debt collector on anyone as long as its in motion and they are able to land a hit on their opponent. No
86%
ability allows them to put a debt collector on anyone as long as its in motion and they are able to land a hit on their opponent. No
86%
Their ability allows them to emit the exact same heat if not hotter than the sun/basically recreate the sun and use it to burn their opponent to death. No
84%
Their nen ability allows them to take the powers of anyone they fight/want as long as they complete all the conditions given. No
84%
Their nen ability allows them to take the powers of anyone they fight/want as long as they complete all the conditions given. No
84%
Their nen ability allows them to take the powers of anyone they fight/want as long as they complete all the conditions given. No
84%
Their nen ability allows them to take the powers of anyone they fight/want as long as they complete all the conditions given. No
84%
ability allows them to put a debt collector on anyone as long as its in motion and they are able to land a hit on their opponent. Yes
83%
Their nen ability allows them to take the powers of anyone they fight/want as long as they complete all the conditions given. Yes
82%
Gives them the ability to teleport objects/make objects disappear and reappear. No
81%
Their ability allows them to shrink and put the touched shrunken part of their opponent into a cage after it shrinks from being touched by them. No
81%
Their ability allows them to shrink and put the touched shrunken part of their opponent into a cage after it shrinks from being touched by them. No
81%
Their ability allows them to shrink and put the touched shrunken part of their opponent into a cage after it shrinks from being touched by them. No
81%
Their ability allows them to shrink and put the touched shrunken part of their opponent into a cage after it shrinks from being touched by them. No
81%
Their ability allows them to shrink and put the touched shrunken part of their opponent into a cage after it shrinks from being touched by them. No
81%
Their ability allows them to emit the exact same heat if not hotter than the sun/basically recreate the sun and use it to burn their opponent to death. Yes
80%
Their ability allows them to shrink and put the touched shrunken part of their opponent into a cage after it shrinks from being touched by them. No
80%
Their ability allows them to shrink and put the touched shrunken part of their opponent into a cage after it shrinks from being touched by them. No
78%
gives them the ability to emit their aura into huge large orb, that is full of their frightening power. Yes
77%
gives them the ability to emit their aura into huge large orb, that is full of their frightening power. No
76%
Their ability allows them to shrink and put the touched shrunken part of their opponent into a cage after it shrinks from being touched by them. No
75%
Their ability allows them to shrink and put the touched shrunken part of their opponent into a cage after it shrinks from being touched by them. Yes
72%
Their ability allows them to make a magical mesues appear to do massages of any sort that exist on anyone they have her perform them on. No
72%
Their ability allows them to make a magical mesues appear to do massages of any sort that exist on anyone they have her perform them on. No
72%
Their ability allows them to make a magical mesues appear to do massages of any sort that exist on anyone they have her perform them on. No
72%
Their ability allows them to make a magical mesues appear to do massages of any sort that exist on anyone they have her perform them on. No
71%
Their ability allows them to make a magical mesues appear to do massages of any sort that exist on anyone they have her perform them on. No
71%
Their ability allows them to make a magical mesues appear to do massages of any sort that exist on anyone they have her perform them on. No
71%
Their ability allows them to make a magical mesues appear to do massages of any sort that exist on anyone they have her perform them on. No
71%
Their ability allows them to make a magical mesues appear to do massages of any sort that exist on anyone they have her perform them on. No
69%
Their ability allows them to make a magical mesues appear to do massages of any sort that exist on anyone they have her perform them on. Yes
65%
Gives them the ability to teleport objects/make objects disappear and reappear. No
64%
Gives them the ability to teleport objects/make objects disappear and reappear. No
61%
Gives them the ability to teleport objects/make objects disappear and reappear. Yes
43%
No matching quizzes found
Score Distribution
Percent of People with Each Score
Percentile by Number Answered
Your Score History
You have not taken this quiz